Open Data Biblioteca Nacional de Portugal


República Portuguesa: Ministério da Cultura
Biblioteca Nacional de Portugal

Catálogo da BNP: acesso por Identificadores Unívocos
Registos Bibliográficos associados ao registo de autoridade

Etiqueta de registo: 00740cam 2200217 450
001 560514
003 http://id.bnportugal.gov.pt/bib/catbnp/560514
100 ## $a19950911d1868 m y0pory01030103ba
101 1# $apor$cfre
102 ## $aPT
105 ## $ac z 000iy
106 ## $ar
200 1# $aBarba azul$eopera burlesca em 3 actos e 4 quadros$fpor Henri Meilhac e Ludovic Halevy$gtraducção de F. Palha$gmúsica de Jacques Offenbach
210 #9 $aLisboa$cTypographia Franco Portugueza,$d1868
215 ## $a103 p.$d19 cm
300 ## $aA obra foi representada pela primeira vez no Teatro da Trindade em 13 de Junho de 1868
300 ## $aPersonagens: Barba Asul, rei Bobéche, conde Oscar, Popolani, principe Saphir, Alvarez, Carlota, rainha Clementina, princeza Hermia, Heloisa, Rosalinda, Izaura, Branca, Leonor, duas camponezas, dois pagens, creança
317 ## $aExemplar encadernado e incluindo fotografias dos actores$5PTBN: T.S.C. 345 P.
317 ## $aTeatro de São Carlos$5PTBN: T.S.C. 345 P.
317 ## $aConservatório Nacional$5PTBN: C.N. 779 P.
500 10 $aBarbe-bleue.$nLibreto
601 02 $aTeatro da Trindade$j[Libretos]$2SIPOR$31996729
606 ## $aÓperas$j[Libretos]$2SIPOR$31158641
675 ## $a78.089.1$vBN$zpor$3506605
675 ## $a82-293$vBN$zpor$3488282
700 #1 $aMeilhac,$bHenri,$f1831-1897$379289
701 #1 $aHalévy,$bLudovic,$f1834-1908$4070$355875
701 #1 $aOffenbach,$bJacques,$cpseud.$4230$345332
702 #1 $aPalha,$bFrancisco,$f1826-1890$4730$355059
712 02 $aTipografia Franco Portuguesa$4610$3917261
712 01 $aPortugal.$bTeatro Nacional de São Carlos$4390$315629
712 01 $aPortugal.$bConservatório Nacional.$bEscola de Música$4390$31172174
801 #0 $aPT$bBN$gRPC
966 ## $lBN$mFGMON$sL. 45815 P.
966 ## $lBN$mMUSICA$pConservatório Nacional$sC.N. 779 P. $x7
966 ## $lBN$mMUSICA$sT.S.C. 345 P. $x6
976 ## $d20260423$rjamaral
997 ## $aBIBEOD

OpendataBNP@bnportugal.pt | Mais informação sobre acesso aos dados BNP